<?xml version="1.0" encoding="UTF-8"?>
<record
    xmlns:xsi="http://www.w3.org/2001/XMLSchema-instance"
    xsi:schemaLocation="http://www.loc.gov/MARC21/slim http://www.loc.gov/standards/marcxml/schema/MARC21slim.xsd"
    xmlns="http://www.loc.gov/MARC21/slim">

  <leader>01669nam a2200193 a 4500</leader>
  <datafield tag="020" ind1=" " ind2=" ">
    <subfield code="a">0805335684 (hardcover)</subfield>
  </datafield>
  <datafield tag="020" ind1=" " ind2=" ">
    <subfield code="a">9780805335682 (hardcover)</subfield>
  </datafield>
  <datafield tag="082" ind1=" " ind2=" ">
    <subfield code="a">540 TIM</subfield>
  </datafield>
  <datafield tag="100" ind1="1" ind2=" ">
    <subfield code="a">Timberlake, Karen C.</subfield>
  </datafield>
  <datafield tag="245" ind1="1" ind2="0">
    <subfield code="a">Chemistry :An Introduction to General,Organic,&amp; Biological Chemistry</subfield>
  </datafield>
  <datafield tag="250" ind1=" " ind2=" ">
    <subfield code="a">7th ed.</subfield>
  </datafield>
  <datafield tag="260" ind1=" " ind2=" ">
    <subfield code="a">[S.l.] :</subfield>
    <subfield code="b">Benjamin Cummings,</subfield>
    <subfield code="c">2000.</subfield>
  </datafield>
  <datafield tag="300" ind1=" " ind2=" ">
    <subfield code="a">740 p. ;</subfield>
  </datafield>
  <datafield tag="490" ind1="1" ind2=" ">
    <subfield code="a">7th edition.</subfield>
  </datafield>
  <datafield tag="520" ind1=" " ind2=" ">
    <subfield code="a">This best-seller, now in a Media Update, makes chemistry exciting to readers by showing why important concepts are relevant to their lives and future careers. The writing is exceptionally friendly. Sample problems teach readers how to solve chemical problems, and thousands of practice problems help readers develop problem-solving techniques and critical thinking skills. This edition contains more conceptual problems than ever before and has also been redesigned to accommodate new styles of learning and teaching. The Media Update includes The Chemistry Place Special Edition for Timberlake (www.chemplace.com/college), a text-specific web site and two new CD-ROMs: The Chemistry of Life CD-ROM for Introductory Chemistry and the Chemistry Study Pack CD-ROM 2.0. The book is suitable for courses that precede general chemistry and for those with no previous background in chemistry who are preparing for health-related careers in nursing, respiratory therapy, dental technology, dietetics, nuclear technology, agriculture, or teacher education. For college instructors and students.</subfield>
  </datafield>
  <datafield tag="650" ind1=" " ind2=" ">
    <subfield code="a">chemistry,organic,biological chemistry</subfield>
  </datafield>
  <datafield tag="856" ind1="4" ind2="0">
    <subfield code="u">http://www.amazon.com/exec/obidos/ASIN/0805335684/chopaconline-20</subfield>
  </datafield>
  <datafield tag="942" ind1=" " ind2=" ">
    <subfield code="c">BK</subfield>
  </datafield>
  <datafield tag="999" ind1=" " ind2=" ">
    <subfield code="c">1218</subfield>
    <subfield code="d">1218</subfield>
  </datafield>
  <datafield tag="952" ind1=" " ind2=" ">
    <subfield code="0">0</subfield>
    <subfield code="1">0</subfield>
    <subfield code="7">0</subfield>
    <subfield code="8">NFIC</subfield>
    <subfield code="a">IC</subfield>
    <subfield code="b">IC</subfield>
    <subfield code="c">GEN</subfield>
    <subfield code="d">2015-06-20</subfield>
    <subfield code="l">0</subfield>
    <subfield code="o">540 TIM</subfield>
    <subfield code="p">004916</subfield>
    <subfield code="r">2015-06-20 00:00:00</subfield>
    <subfield code="w">2015-06-20</subfield>
    <subfield code="y">REF</subfield>
  </datafield>
</record>
